Statystyki dla Australijska imigracja według państw

Kliknij tutaj aby rozwiązać quiz!

Ogólne statystyki

  • Ten quiz został rozwiązany 7 025 razy
  • Średni wynik to 11 z 18

Statystyki odpowiedzi

# ImigranciKraj% Poprawnych
105,800Stany Zjednoczone
96%
655,300Chiny
91%
1,139,900Wielka Brytania
88%
568,200Nowa Zelandia
85%
489,400Indie
84%
116,700Niemcy
83%
79,000Indonezja
81%
195,800Włochy
65%
180,500Republika
Południowej Afryki
59%
111,600Korea Południowa
57%
152,900Malezja
57%
243,200Wietnam
57%
252,700Filipiny
56%
88,000Irlandia
50%
78,700Holandia
37%
113,400Grecja
32%
124,500Sri Lanka
25%
93,700Liban
8%

Rozkład punktacji

Percentyl według liczby udzielonych odpowiedzi

Procent ludzi z każdym wynikiem

Twoja historia wyników

Nie rozwiązałeś tego quizu